| 000 | 00633nam a2200241Ia 4500 | ||
|---|---|---|---|
| 008 | 160901s9999 xx 000 0 und d | ||
| 020 | _a981-4119-15-6 | ||
| 050 | _aComSc QA 76.76 | ||
| 050 | _b.O63D38 2002 | ||
| 100 | _aDavis, William S. | ||
| 245 | _aOperating systems : | ||
| 245 | _ba systematic view / | ||
| 245 | _cWilliam S. Davis, T. M. Rajkumar. | ||
| 250 | _a5th Edition | ||
| 260 | _aSingapore : | ||
| 260 | _bPearson Educ, Asia Pte, Ltd., | ||
| 260 | _c2002 | ||
| 300 | _a605 pages : | ||
| 300 | _bill. ; | ||
| 300 | _c24 cm. | ||
| 500 | _aIncludes index. | ||
| 650 | _aOperating systems (Computers). | ||
| 999 |
_c300871 _d300871 |
||